Normal view MARC view
  • Bassano and Vandyk

Entry Corporate Name

Number of records used in: 1

001 - CONTROL NUMBER

  • control field: 5480

003 - CONTROL NUMBER IDENTIFIER

  • control field: SIRSI

005 - DATE AND TIME OF LATEST TRANSACTION

  • control field: 20190806150243.0

008 - FIXED-LENGTH DATA ELEMENTS

  • fixed length control field: 071213n| acannaabn |n ana d

040 ## - CATALOGING SOURCE

  • Original cataloging agency: OSt
  • Transcribing agency: OSt

110 2# - HEADING--CORPORATE NAME

  • Corporate name or jurisdiction name as entry element: Bassano and Vandyk

670 ## - SOURCE DATA FOUND

  • Source citation: [Photograph and photographs of a portrait of Richard Melsome Woolley], ca. 1938-1950